Hautnahe Kunst. (Titelsatznr. 371138)
[ MARC ]
| 000 -Satzkennung | |
|---|---|
| Kontrollfeld mit fester Länge | 00895nam a22002177a 4500 |
| 008 - Feld mit fester Länge zur physischen Beschreibung - Allgemeine Angaben | |
| Kontrollfeld mit fester Länge | 201127b ||||| |||| 00| 0 eng d |
| 040 ## - Katalogisierungsquelle | |
| Original-Katalogisierungsstelle | DE-2950 |
| Katalogisierungssprache | ger |
| Übertragungsstelle | DE-2950 |
| Beschreibungsfestlegungen | rda |
| 041 ## - Sprachcode | |
| Sprachcode des Textes/der Tonspur oder des separaten Titels | ger |
| 100 ## - Person oder Familie als 1. geistiger Schöpfer | |
| Personenname | Kretzschmar, Ida: |
| 245 ## - Titel | |
| Haupttitel | Hautnahe Kunst. |
| Titelzusatz | Jasmina Hadziametovic ist seit 2020 Oberspielleiterin am Staatstheater Cottbus. Die in Sarajevo geborene Regisseurin setzt sich in ihrer Arbeit mit dem Fremdsein auseinander / |
| Verantwortlichkeitsangabe | Ida Kretzschmar |
| 264 ## - Veröffentlichungsangabe, Vertriebsangabe, Herstellungsangabe | |
| Erscheinungs-, Vertriebs-, Herstellungsdatum | 2021 |
| 490 ## - Gesamttitelangabe | |
| Haupttitel der Reihe/Unterreihe | Brandenburger Blätter |
| Zählung | 20./21.11.2021 |
| 653 ## - Lokales Schlagwort | |
| Nicht-normierter Term | Cottbus |
| 653 ## - Lokales Schlagwort | |
| Nicht-normierter Term | Staatstheater |
| 653 ## - Lokales Schlagwort | |
| Nicht-normierter Term | Hadziahmetovic, Jasmina. Regisseurin |
| 773 ## - Übergeordnete Einheit | |
| Ort, Verlag und Erscheinungsjahr | Frankfurt (Oder) Märkisches Verlags- und Druckhaus GmbH & Co KG |
| Titel | Märkische Oderzeitung |
| Verknüpfungsangaben | 32. Jahrgang (2021) Nr. 272 vom 20./21.11.2021, Journal am Wochenende, S. 5 |
| 942 ## - Zusätzliche Felder (Koha) | |
| Koha-Medientyp | Aufsätze |
| Ausgeschieden | Verloren | Beschädigt | Nicht entleihbar | Permanenter Standort | Aktueller Standort | Aufstellungsort | Eingabedatum | Anzahl Ausleihen | Signatur | Letzte Aktivität | Preis gültig von | Medientyp |
|---|---|---|---|---|---|---|---|---|---|---|---|---|
| Stadtarchiv Frankfurt (Oder) | Archivbibliothek | Stadtarchiv Frankfurt (Oder) | Archivbibliothek | Magazin | 02/12/2021 | Z2 | 02/12/2021 | 02/12/2021 | Aufsätze |